书目信息 |
| 题名: |
世说新语
|
|
| 作者: | 刘义庆 撰 | |
| 分册: | ||
| 出版信息: | 北京 北京燕山出版社 1995.10 |
|
| 页数: | 448页 | |
| 开本: | 19cm | |
| 丛书名: | ||
| 单 册: | ||
| 中图分类: | I242.1 | |
| 科图分类: | ||
| 主题词: | 小说--中国 | |
| 电子资源: | ||
| ISBN: | 7-5402-0038-3 | |
| 000 | 00606nam0 2200205 450 | |
| 001 | 0856959695 | |
| 005 | 20081020155422.02 | |
| 010 | @a7-5402-0038-3@dCNY16.00 | |
| 100 | @a20081020d1995 km y0chiy0120 ea | |
| 101 | 0 | @achi |
| 102 | @aCN@b110000 | |
| 200 | 1 | @a世说新语@Ashi shuo xin yu@f(南朝宋)刘义庆撰@F(nan chao song)liu yi qing zhuan |
| 210 | @a北京@c北京燕山出版社@d1995.10 | |
| 215 | @a448页@d19cm | |
| 300 | @a中国传统文化读本 | |
| 606 | 0 | @a小说@x中国 |
| 690 | @aI242.1@v4 | |
| 701 | 0 | @a刘义庆@Aliu yi qing@4撰 |
| 801 | 0 | @aCN@b大连网信软件有限公司图书馆·11@c20081020 |
| 905 | @aBZT@dI242.1@e11 | |
| 世说新语/(南朝宋)刘义庆撰.-北京:北京燕山出版社,1995.10 |
| 448页;19cm |
| 中国传统文化读本 |
| ISBN 7-5402-0038-3:CNY16.00 |
| ● |
| 相关链接 |
|
|
|
正题名:世说新语
索取号:I242.1/11
 
预约/预借
| 序号 | 登录号 | 条形码 | 馆藏地/架位号 | 状态 | 备注 |
| 1 | 011280 | 201228395 | 中心书库中库/打包BH1185/ [索取号:I242.1/11] | 在馆 |